| 000 -LEADER | |
|---|---|
| fixed length control field | 00465nam a22001697a 4500 |
| 005 - DATE AND TIME OF LATEST TRANSACTION | |
| control field | 20180808130458.0 |
| 008 - FIXED-LENGTH DATA ELEMENTS--GENERAL INFORMATION | |
| fixed length control field | 160514b xxu||||| |||| 00| 0 eng d |
| 020 ## - INTERNATIONAL STANDARD BOOK NUMBER | |
| ISBN | 978-0-07-061563-2 |
| 041 ## - LANGUAGE CODE | |
| Language code of text/sound track or separate title | eng |
| 082 ## - DEWEY DECIMAL CLASSIFICATION NUMBER | |
| Item number | 2264 |
| Classification number | 658.3 |
| 100 ## - MAIN ENTRY--AUTHOR NAME | |
| Personal name | CASCIO,WAYNE F . |
| 245 ## - TITLE STATEMENT | |
| Title | MANAGING HUMAN RESOURCE:productivity quality of work life profits |
| 260 ## - PUBLICATION, DISTRIBUTION, ETC. (IMPRINT) | |
| Place of publication | New Delhi |
| Name of publisher | Tata McGraw Hill Ltd. |
| Year of publication | 2006 |
| 300 ## - PHYSICAL DESCRIPTION | |
| Number of Pages | 671p, |
| 650 ## - SUBJECT ADDED ENTRY--TOPICAL TERM | |
| Topical Term | Management |
| 942 ## - ADDED ENTRY ELEMENTS (KOHA) | |
| Koha item type | Books |
| Lost status | Damaged status | Collection code | Home library | Current library | Shelving location | Date acquired | Cost, normal purchase price | Full call number | Accession Number | Koha item type |
|---|---|---|---|---|---|---|---|---|---|---|
| MANAGEMENT | JRU Library | JRU Library | SHELF-62 -F | 14/05/2016 | 399.00 | 658.3 | 2264 | Books | ||
| MANAGEMENT | JRU Library | SHELF-62 -F | 14/05/2016 | 399.00 | 658.3 | 2265 | Books | |||
| MANAGEMENT | JRU Library | JRU Library | SHELF-62 -F | 14/05/2016 | 399.00 | 658.3 | 2266 | Books | ||
| MANAGEMENT | JRU Library | JRU Library | SHELF-62 -F | 14/05/2016 | 399.00 | 658.3 | 2267 | Books | ||
| MANAGEMENT | JRU Library | SHELF-62 -F | 14/05/2016 | 399.00 | 658.3 | 2268 | Books | |||
| MANAGEMENT | JRU Library | SHELF-62 -F | 14/05/2016 | 399.00 | 658.3 | 2269 | Books | |||
| MANAGEMENT | JRU Library | JRU Library | SHELF-62 -F | 14/05/2016 | 399.00 | 658.3 | 2270 | Books | ||
| MANAGEMENT | JRU Library | SHELF-62 -F | 14/05/2016 | 399.00 | 658.3 | 2271 | Books |